Statistics for Arsenal Scorers in 2010s Champions League

Click here to take the quiz!

General Stats

  • This quiz has been taken 284 times
  • The average score is 20 of 36

Answer Stats

PlayerNationGls% Correct
Alexis SánchezChile9
98%
Mesut ÖzilGermany7
97%
Olivier GiroudFrance12
93%
Aaron RamseyWales7
91%
Andrey ArshavinRussia4
90%
Robin van PersieNetherlands7
90%
Theo WalcottEngland11
84%
Cesc FàbregasSpain7
76%
Granit XhakaSwitzerland1
75%
Tomáš RosickýCzechia2
72%
Nicklas BendtnerDenmark5
71%
Lukas PodolskiGermany8
70%
Mohamed ElnenyEgypt1
68%
Jack WilshereEngland4
67%
Yossi BenayounIsrael1
63%
Laurent KoscielnyFrance2
61%
Marouane ChamakhMorocco3
57%
Alex IwobiNigeria1
56%
Danny WelbeckEngland3
56%
Alex SongCameroon1
55%
Samir NasriFrance5
53%
Thomas VermaelenBelgium1
51%
Alex Oxlade-ChamberlainEngland4
50%
Mikel ArtetaSpain1
50%
Carlos VelaMexico2
49%
GervinhoIvory Coast2
46%
Kieran GibbsEngland1
39%
Abou DiabyFrance1
38%
Emmanuel EbouéIvory Coast1
36%
Eduardo da SilvaCroatia1
32%
Lucas PérezSpain3
26%
DenílsonBrazil1
21%
André SantosBrazil1
19%
Yaya SanogoFrance1
19%
Sol CampbellEngland1
15%
Sébastien SquillaciFrance1
13%

Score Distribution

Percentile by Number Answered

Percent of People with Each Score

Your Score History

You have not taken this quiz